| 000 | 00830nam1a2200265 i 4500 | ||
|---|---|---|---|
| 001 | RU\NLR\BIBL_A\011622874 | ||
| 005 | 20240921200510.0 | ||
| 035 | _a(RuMoRGB)009485160 | ||
| 035 | _a(NLR Aleph) 011622874 | ||
| 090 |
_a10993376 _c10993376 |
||
| 100 | _a20180115g2017 um y0rusy50 ca | ||
| 101 | 0 | _arus | |
| 102 | _aRU | ||
| 105 | _a||||z|||||||| | ||
| 200 | 1 |
_aВалентина Стриж _e[мистика] |
|
| 210 |
_aМосква _cСпутник+ _d2017 |
||
| 215 | _d21 | ||
| 300 | _aНа 3-й с. авт.: Копейкина Валентина Васильевна | ||
| 686 | 0 | _aШ9(2)62=Р7-4 | |
| 700 | 1 |
_aСтриж _bВ. _f1946- _gВалентина _9184332 _3RU\NLR\AUTH\770184383 |
|
| 852 |
_aNLR _j2017-3/36213 |
||
| 942 | _cBOOK | ||